• 首页
  • 本馆介绍
  • 公告通知
  • 最新文献
  • 馆藏检索
  • 电子资源
  • 读者导购
  • 参考咨询
  • 我的图书馆
  • 登录
  • 详细信息显示
  • 放入我的书架
  • 预约/预借图书
  • 作者相关作品
  • 分类相关作品
  • 丛书相关作品
  • 出版社相关作品

书目信息

  • 表格格式
  • 工作单格式
  • 卡片格式
题名:
各国国歌汇编
    
 
作者: 钱仁康 编
分册:  
出版信息: 北京   人民音乐出版社  1981.5
页数: 243页
开本: 20cm
丛书名:
单 册:
中图分类: J652.0
科图分类:
主题词: 外国音乐--作品 , 音乐--各国--作品
电子资源:
ISBN:
000 00532nam0 2200193 45
001 0312221749
005 20060819083539.89
010    @dCNY1.80
100    @a20031222d1981 km y0chiy0120 ea
101    @achi
200 1  @a各国国歌汇编@AGe Guo Guo Ge Hui Bian@f钱仁康编@FQian Ren Kang Bian
210    @a北京@c人民音乐出版社@d1981.5
215    @a243页@d20cm
606 0  @a外国音乐@x作品
606 0  @a音乐@y各国@x作品
690    @aJ652.0@v3
701 0  @a钱仁康@4编
801    @aCN@bTSTCL@c20060819
905    @a213230@dJ652.0@e105@b145050@f1
    
    各国国歌汇编/钱仁康编.-北京:人民音乐出版社,1981.5
    243页;20cm
    
    
    ISBN :CNY1.80
    
●
相关链接 在E读中查询图书 在五车中查询图书 在当当中查询图书 在豆瓣中查询图书


正题名:各国国歌汇编     索取号:J652.0/105         预约/预借

序号 登录号 条形码 馆藏地/架位号 状态 备注
1 0145050   001225597   第一样本阅览室/ [索取号:J652.0/105] 在馆    
2 0466759   204667592   密集书库/ [索取号:J652.0/105] 在馆    
3 0466760   204667609   密集书库/ [索取号:J652.0/105] 在馆    
唐山师范学院图书馆 欢迎您!
大连网信软件有限公司© 版权所有